[Event "Open International des Sables d'Olonne_2"]
[Site "Les Sables d'Olonne ; France"]
[Date "2015.07.16"]
[Round "8.2"]
[White "Hutois, Mickael"]
[Black "Riff, Jean-Noel"]
[Result "0-1"]
[WhiteElo "2279"]
[BlackElo "2502"]
[Annotator "Violeau,Jean-Luc"]
[PlyCount "52"]
[EventDate "2015.??.??"]

1. e4 c5 2. Nf3 Nc6 3. d4 cxd4 4. Nxd4 Nf6 5. Nc3 d6 6. f3 e6 7. Be3 Be7 8. Qd2
O-O 9. g4 Nd7 10. O-O-O Nxd4 11. Bxd4 Ne5 12. Be2 Qa5 13. Kb1 Nc6 14. Be3 Bd7
15. f4 Rfc8 16. h4 b5 17. e5 d5 18. Rh3 Be8 19. Bf2 b4 20. Nb5 Nxe5 21. fxe5
Bxb5 22. g5 Bxe2 23. Qxe2 Rc6 24. Rb3 Ra6 25. h5 Qxa2+ 26. Kc1 Rc6 {0-1 Hutois,
M (2279)-Riff,J (2502)/Sables d'Olonne 2015} 0-1

[Event "Open International des Sables d'Olonne_2"]
[Site "Les Sables d'Olonne ; France"]
[Date "2015.07.16"]
[Round "8.3"]
[White "Swayams, Mishra"]
[Black "Le Roux, Jean-Pierre"]
[Result "1-0"]
[WhiteElo "2429"]
[BlackElo "2572"]
[Annotator "Violeau,Jean-Luc"]
[PlyCount "82"]
[EventDate "2015.??.??"]

1. d4 Nf6 2. c4 e6 3. Nc3 Bb4 4. e3 O-O 5. Nge2 Re8 6. a3 Bf8 7. d5 d6 8. g3
exd5 9. cxd5 c5 10. Bg2 Nbd7 11. O-O Rb8 12. a4 a6 13. Rb1 g6 14. h3 h5 15. b4
cxb4 16. Rxb4 Nc5 17. Nd4 Bd7 18. Ba3 Bg7 19. Qb1 Qc8 20. Kh2 h4 21. g4 Bxg4
22. hxg4 Nxg4+ 23. Kg1 Ne5 24. Kh2 Ncd3 25. Ne4 Nxb4 26. Bxb4 Qd8 27. Bh3 Nc4
28. Rc1 Be5+ 29. Kh1 Bxd4 30. Rxc4 Be5 31. f4 Bg7 32. Qd3 b5 33. axb5 Rxb5 34.
Rc8 Qxc8 35. Bxc8 Rxb4 36. Nxd6 Rd8 37. Qxa6 Bf8 38. Nxf7 Kxf7 39. Qe6+ Kg7 40.
Qe5+ Kf7 41. Be6+ Ke8 {1-0 Swayams,M (2429)-Le Roux,J (2572)/Sables d'Olonne
2015} 1-0

[Event "Open International des Sables d'Olonne_2"]
[Site "Les Sables d'Olonne ; France"]
[Date "2015.07.16"]
[Round "8.4"]
[White "Lagarde, Maxime"]
[Black "Daurelle, Herve"]
[Result "1-0"]
[WhiteElo "2544"]
[BlackElo "2167"]
[Annotator "Violeau,Jean-Luc"]
[PlyCount "75"]
[EventDate "2015.??.??"]

1. e4 c5 2. Nf3 d6 3. Bb5+ Nc6 4. O-O Bd7 5. Re1 Nf6 6. c3 a6 7. Bf1 g6 8. h3
Bg7 9. d4 cxd4 10. cxd4 O-O 11. d5 Ne5 12. Nbd2 Nxf3+ 13. Nxf3 Rc8 14. Qb3 b5
15. Bf4 Qb6 16. e5 dxe5 17. Nxe5 Rfd8 18. Rad1 Be8 19. g4 a5 20. a4 b4 21. Nc4
Qa7 22. Be3 Qb8 23. Nxa5 Qa8 24. Nc6 Bxc6 25. dxc6 Rxd1 26. Rxd1 Qxc6 27. Rc1
Qb7 28. Rxc8+ Qxc8 29. a5 e6 30. a6 Nd5 31. a7 Qa8 32. Bg2 Bf8 33. Qa4 Bd6 34.
Qd7 Be5 35. f4 Bxb2 36. Bxd5 exd5 37. Qb5 Kg7 38. Qb8 {1-0 Lagarde,M (2544)
-Daurelle,H (2167)/Sables d'Olonne 2015} 1-0

[Event "Open International des Sables d'Olonne_2"]
[Site "Les Sables d'Olonne ; France"]
[Date "2015.07.16"]
[Round "8.5"]
[White "Tirard, Hugo"]
[Black "Flachet, Thierry"]
[Result "0-1"]
[WhiteElo "2453"]
[BlackElo "2100"]
[PlyCount "88"]
[EventDate "2015.??.??"]

1. e4 e6 2. d4 d5 3. Nc3 Nf6 4. e5 Nfd7 5. f4 c5 6. Nf3 Nc6 7. Be3 a6 8. Qd2 b5
9. dxc5 Bxc5 10. Bxc5 Nxc5 11. Qf2 Qb6 12. Bd3 b4 13. Ne2 a5 14. O-O O-O 15.
Kh1 h6 16. g4 Ba6 17. Ng3 Na4 18. Qe2 Nxb2 19. g5 Nxd3 20. cxd3 Ne7 21. Nh5 Nf5
22. gxh6 gxh6 23. Nf6+ Kh8 24. Rae1 Qb5 25. Rd1 d4 26. Rg1 Bb7 27. Rc1 Rac8 28.
Rxc8 Rxc8 29. Qg2 Bxf3 30. Qxf3 Qb8 31. Nd7 Qa8 32. Qxa8 Rxa8 33. Rc1 Kh7 34.
Nf6+ Kg7 35. Rc4 Rb8 36. Nd7 Rb7 37. Nf6 a4 38. Rc1 Ne7 39. Ne8+ Kf8 40. Nd6
Rb8 41. Kg2 Nd5 42. Kf3 Nc3 43. Ra1 b3 44. axb3 axb3 0-1

[Event "Open International des Sables d'Olonne_2"]
[Site "Les Sables d'Olonne ; France"]
[Date "2015.07.16"]
[Round "8.6"]
[White "Dubois, Pierre"]
[Black "Colin, Vincent"]
[Result "0-1"]
[WhiteElo "2112"]
[BlackElo "2382"]
[PlyCount "40"]
[EventDate "2015.??.??"]

1. e4 e5 2. Nf3 Nc6 3. Nc3 Nf6 4. Bb5 Bd6 5. O-O O-O 6. d4 Nxd4 7. Nxd4 exd4 8.
Qxd4 Re8 9. f3 Be5 10. Qf2 c6 11. Ba4 a5 12. a3 d5 13. exd5 Bxc3 14. bxc3 Nxd5
15. Bb3 Nxc3 16. Bb2 Re2 17. Qc5 Qd2 18. Rf2 Re1+ 19. Rf1 Nd1 20. Bd4 Qe2 0-1

[Event "Open International des Sables d'Olonne_2"]
[Site "Les Sables d'Olonne ; France"]
[Date "2015.07.16"]
[Round "8.8"]
[White "Dijkhuis, Sven"]
[Black "Serralta, Michel"]
[Result "1/2-1/2"]
[WhiteElo "2232"]
[BlackElo "2112"]
[PlyCount "77"]
[EventDate "2015.??.??"]

1. e4 d6 2. d4 g6 3. Nc3 Bg7 4. Be3 Nc6 5. d5 Nb8 6. Bd4 Nf6 7. f4 O-O 8. Nf3
c5 9. Bxf6 exf6 10. Bd3 f5 11. exf5 Re8+ 12. Kf2 c4 13. Bxc4 Bxf5 14. Re1 Qb6+
15. Kg3 Rxe1 16. Qxe1 Nd7 17. Bb3 Nf6 18. h3 Bh6 19. Ng5 Re8 20. Qd2 Nh5+ 21.
Kh2 f6 22. Na4 Qa6 23. Re1 Rxe1 24. Qxe1 fxg5 25. g4 Bd7 26. gxh5 Bxa4 27. Qe6+
Kf8 28. hxg6 hxg6 29. Qf6+ Kg8 30. Qxg6+ Bg7 31. Qe6+ Kh7 32. Qe4+ Kh8 33. Bxa4
Qf1 34. Qe8+ Kh7 35. Qh5+ Kg8 36. Qe8+ Kh7 37. Qe4+ Kh8 38. Qe8+ Kh7 39. Qe4+
1/2-1/2

[Event "Open International des Sables d'Olonne_2"]
[Site "Les Sables d'Olonne ; France"]
[Date "2015.07.16"]
[Round "8.7"]
[White "Chargelegue, Thomas"]
[Black "Burri, Quentin"]
[Result "0-1"]
[WhiteElo "2094"]
[BlackElo "2292"]
[PlyCount "66"]
[EventDate "2015.??.??"]

1. e4 c5 2. Nf3 d6 3. d4 cxd4 4. Nxd4 Nf6 5. Nc3 a6 6. Be3 e5 7. Nb3 Be7 8. f3
Be6 9. Qd2 O-O 10. O-O-O Nbd7 11. g4 b5 12. g5 b4 13. gxf6 bxc3 14. Qxc3 Nxf6
15. Na5 Qe8 16. Nc6 Rc8 17. Nxe7+ Qxe7 18. Qa5 Rc6 19. Rg1 Rfc8 20. c3 Kh8 21.
Bg5 h6 22. Bh4 Qa7 23. Bd3 Nd7 24. Rde1 Nc5 25. Bb1 Rb6 26. Rg2 Rb5 27. Qa3 Qc7
28. Reg1 g6 29. b4 Nb3+ 30. axb3 Qxc3+ 31. Bc2 Bxb3 32. Be1 Qd3 33. Qb2 Bxc2
0-1

[Event "Open International des Sables d'Olonne_2"]
[Site "Les Sables d'Olonne ; France"]
[Date "2015.07.17"]
[Round "9.1"]
[White "Lagarde, Maxime"]
[Black "Demuth, Adrien"]
[Result "1/2-1/2"]
[WhiteElo "2544"]
[BlackElo "2531"]
[Annotator "Violeau,Jean-Luc"]
[PlyCount "31"]
[EventDate "2015.??.??"]

1. e4 c5 2. Nf3 d6 3. Bb5+ Bd7 4. Bxd7+ Qxd7 5. O-O Nf6 6. Qe2 Nc6 7. Rd1 g5 8.
c3 g4 9. Nh4 Qe6 10. d3 d5 11. Bg5 O-O-O 12. Bxf6 Rg8 13. Nf5 dxe4 14. dxe4
Rxd1+ 15. Qxd1 Qxf6 16. Nd2 {1/2-1/2 Lagarde,M (2544)-Demuth,A (2531)/Sables
d'Olonne 2015} 1/2-1/2

[Event "Open International des Sables d'Olonne_2"]
[Site "Les Sables d'Olonne ; France"]
[Date "2015.07.17"]
[Round "9.3"]
[White "Flachet, Thierry"]
[Black "Colin, Vincent"]
[Result "0-1"]
[WhiteElo "2100"]
[BlackElo "2382"]
[Annotator "Violeau,Jean-Luc"]
[PlyCount "60"]
[EventDate "2015.??.??"]

1. Nf3 g6 2. c4 Bg7 3. d4 Nf6 4. Nc3 O-O 5. e4 d6 6. h3 c6 7. Be3 Nbd7 8. Be2
e5 9. d5 c5 10. g4 a6 11. Qc2 Rb8 12. Nd2 Nb6 13. O-O-O Na8 14. Rdg1 Nc7 15. h4
b5 16. h5 bxc4 17. Nxc4 Nb5 18. f3 Nd4 19. Qd2 Rb4 20. Rg3 a5 21. Bd3 Ba6 22.
Na3 Bxd3 23. Qxd3 Nd7 24. Qd2 c4 25. Nc2 Nc5 26. Nxb4 axb4 27. Nd1 Ndb3+ 28.
axb3 Nxb3+ 29. Kb1 Nxd2+ 30. Bxd2 Qb6 {0-1 Flachet,T (2100)-Colin,V (2382)/
Sables d'Olonne 2015} 0-1

[Event "Open International des Sables d'Olonne_2"]
[Site "Les Sables d'Olonne ; France"]
[Date "2015.07.17"]
[Round "9.4"]
[White "Lazarev, Vladimir"]
[Black "Hutois, Mickael"]
[Result "1-0"]
[WhiteElo "2371"]
[BlackElo "2279"]
[Annotator "Violeau,Jean-Luc"]
[PlyCount "49"]
[EventDate "2015.??.??"]

1. d4 Nf6 2. c4 e6 3. g3 d5 4. Nf3 b6 5. cxd5 exd5 6. Bg2 Bd6 7. O-O O-O 8. Nc3
c6 9. Bg5 Re8 10. Re1 Bf5 11. Nh4 Bg4 12. f3 Bh5 13. e4 dxe4 14. Nxe4 Be7 15.
Bxf6 Bxf6 16. Nxf6+ gxf6 17. Rxe8+ Qxe8 18. Qd2 Qd7 19. Qf4 Qe6 20. Nf5 Nd7 21.
Bh3 Kh8 22. Qh6 Rg8 23. Qxh5 Rg5 24. Qh4 Rxf5 25. Qe4 {1-0 Lazarev,V (2371)
-Hutois,M (2279)/Sables d'Olonne 2015} 1-0

[Event "Open International des Sables d'Olonne_2"]
[Site "Les Sables d'Olonne ; France"]
[Date "2015.07.17"]
[Round "9.5"]
[White "Burri, Quentin"]
[Black "Safranska, Anda"]
[Result "1/2-1/2"]
[WhiteElo "2292"]
[BlackElo "2127"]
[PlyCount "55"]
[EventDate "2015.??.??"]

1. e4 Nf6 2. e5 Nd5 3. d4 d6 4. c4 Nb6 5. exd6 exd6 6. Nc3 Be7 7. Bd3 O-O 8.
Nge2 c6 9. O-O Na6 10. a3 Nc7 11. h3 d5 12. c5 Nd7 13. Qc2 g6 14. Be3 Re8 15.
Rae1 Nf8 16. Qd2 Nce6 17. b4 Ng7 18. Ng3 Be6 19. Nce2 Qc8 20. Bf4 Bd7 21. Rc1
a6 22. a4 Bf6 23. b5 axb5 24. axb5 Qd8 25. b6 Ra3 26. Rfd1 Qa8 27. Kh2 Qa5 28.
Qxa5 1/2-1/2

[Event "Open International des Sables d'Olonne_2"]
[Site "Les Sables d'Olonne ; France"]
[Date "2015.07.17"]
[Round "9.6"]
[White "Frick, Christoph"]
[Black "Tirard, Hugo"]
[Result "0-1"]
[WhiteElo "2217"]
[BlackElo "2453"]
[PlyCount "109"]
[EventDate "2015.??.??"]

1. e4 c5 2. Nc3 a6 3. g3 b5 4. Bg2 Bb7 5. Nh3 e6 6. d3 b4 7. Nb1 d5 8. O-O Nf6
9. Nd2 Nc6 10. Re1 Be7 11. e5 Nd7 12. f4 Qb6 13. Nf3 g6 14. Be3 a5 15. Bf2 Qc7
16. Rc1 a4 17. c4 bxc3 18. bxc3 Nb6 19. Rb1 Ra6 20. Qc2 a3 21. Nd2 O-O 22. g4
Qd7 23. Nb3 d4 24. cxd4 Nb4 25. Qd2 Bxg2 26. Kxg2 cxd4 27. Nxd4 Qd5+ 28. Kg1
Qxa2 29. Qxa2 Nxa2 30. Nc6 Nd5 31. Nxe7+ Nxe7 32. Bc5 Nc6 33. Rb3 Rc8 34. d4
Ra4 35. Ra1 Nc1 36. Rbxa3 Rxa3 37. Rxa3 Ne2+ 38. Kf2 Ncxd4 39. Bxd4 Nxd4 40.
Ra2 Rc3 41. Ng5 h6 42. Ne4 Rf3+ 43. Kg2 Rxf4 44. Nf6+ Kg7 45. Ra8 Rxf6 46.
exf6+ Kxf6 47. Kg3 h5 48. Ra4 Ne2+ 49. Kf2 Nc3 50. Rf4+ Kg5 51. Rf3 Kxg4 52.
Kg2 Nd5 53. Ra3 Nf4+ 54. Kh1 g5 55. Ra4 0-1

[Event "Open International des Sables d'Olonne_2"]
[Site "Les Sables d'Olonne ; France"]
[Date "2015.07.17"]
[Round "9.7"]
[White "Le Roux, Jean-Pierre"]
[Black "Megret, Jean"]
[Result "1-0"]
[WhiteElo "2572"]
[BlackElo "1793"]
[PlyCount "79"]
[EventDate "2015.??.??"]

1. c4 Nf6 2. Nf3 g6 3. g3 Bg7 4. Bg2 d6 5. d4 O-O 6. O-O c5 7. Nc3 Nc6 8. dxc5
dxc5 9. Be3 Qa5 10. Qb3 Bd7 11. Rfd1 b6 12. a3 Rac8 13. Rac1 Qa6 14. Qb5 Qxb5
15. cxb5 Na5 16. Ne5 Be6 17. Nc6 Nxc6 18. bxc6 Bb3 19. Rd2 e6 20. Bf4 Nd5 21.
Bxd5 Bxd5 22. Nxd5 exd5 23. c7 Rfe8 24. Rxd5 Bxb2 25. Rcd1 Bf6 26. Kf1 Be7 27.
a4 f6 28. g4 Kf7 29. e4 Ke6 30. Ke2 Rf8 31. Kd3 f5 32. gxf5+ gxf5 33. Re5+ Kd7
34. exf5 Bf6 35. Re6 Bd4 36. Rde1 Rf6 37. Kc4 Rxe6 38. fxe6+ Ke7 39. Kd5 Bxf2
40. Bd6+ 1-0

[Event "Open International des Sables d'Olonne_2"]
[Site "Les Sables d'Olonne ; France"]
[Date "2015.07.17"]
[Round "9.8"]
[White "Ashanina, Olga"]
[Black "Dijkhuis, Sven"]
[Result "1/2-1/2"]
[WhiteElo "2009"]
[BlackElo "2232"]
[PlyCount "88"]
[EventDate "2015.??.??"]

1. e4 c5 2. Nf3 e6 3. d4 cxd4 4. Nxd4 Nc6 5. Nc3 Qc7 6. Be3 a6 7. g3 Nf6 8. Bg2
Be7 9. O-O d6 10. f4 Bd7 11. Nb3 h5 12. h3 Rc8 13. Qe2 b5 14. a3 Kf8 15. Rad1
Nb8 16. Nd4 e5 17. fxe5 dxe5 18. Nf5 Bxf5 19. Rxf5 Nbd7 20. Qf2 Bc5 21. Nd5
Bxe3 22. Nxe3 Qa7 23. Kh1 Rh6 24. Rf1 Qc5 25. Qf3 Re8 26. g4 hxg4 27. Nxg4 Rg6
28. Ne3 Kg8 29. c3 Qc6 30. Nd5 Qd6 31. Rd1 Nxd5 32. Rxd5 Qe6 33. Qd1 Nf6 34.
Rfxe5 Qxe5 35. Rxe5 Rxe5 36. Qd4 Reg5 37. Bf1 Nh5 38. Kh2 Kh7 39. e5 Ng3 40.
Bd3 Rf5 41. Qh4+ Kg8 42. Bxf5 Nf1+ 43. Kh1 Ng3+ 44. Kh2 Nf1+ 1/2-1/2